La raccolta epigrafica. Le iscrizioni latine, cortili, sale, depositi

Saved in:
Bibliografiske detaljer
Hovedforfatter: Chioffi, Laura (Author)
Format: Bog
Sprog:italiensk
Udgivet: s.l Museo Provinciale Campano di Capua 2005
Udgivelse:1a. ed
Serier:Cataloghi Epigrafici, 1
Fag:
Tags: Tilføj Tag
Ingen Tags, Vær først til at tagge denne postø!

MARC

LEADER 00000cam a2200000 a 4500
001 UCD9314
003 CL-VaPUC
008 170616e20050000it |||||||||||||||||ita|d
082 0 4 |a 411.7  |b CHI  |2 21 
100 0 |a Chioffi, Laura  |e author  |9 593021 
245 1 3 |a La raccolta epigrafica. Le iscrizioni latine, cortili, sale, depositi 
250 |a 1a. ed 
300 |a 240 p 
942 |c BK 
945 |d 20170616 21:05:00  |a dcastane 
260 |a s.l  |b Museo Provinciale Campano di Capua  |c 2005 
650 7 |a EPIGRAFIA LATINA  |2 CL-VaPUC  |9 439909 
650 0 |a Escrituras antiguas  |9 340321 
583 |a last modification  |c 20170616 21:05:00  |k Rodrigo Vera 
490 0 |a Cataloghi Epigrafici, 1 
999 |c 368544  |d 368542 
952 |0 0  |1 0  |3 erb  |4 0  |6 411_700000000000000_CHI_2005  |7 0  |8 A  |9 483898  |a FDOLAF  |b FDOLAF  |e Laffi, Umberto, 1939-  |i 539743K  |o 411.7 CHI 2005  |p 539743K  |r 2024-01-30  |w 2019-11-24  |y BK  |z Catalogado en:20170616  |k LAF